Solventnost pojišťoven v České republice
Solventnosť poisťovní - vymedzenie podstaty pojmu. Regulácia v poisťovníctve. Vývoj regulácie v rámci EÚ. Metódy oceňovania solventnosti poisťovní. Základné ukazovatele pre účely oceňovania solventnosti. Vykazovanie solventnosti z praktického hľadiska. Vykazovanie solventnosti v životnom a v neživot...
Saved in:
| Main Author: | |
|---|---|
| Format: | Book Chapter |
| Language: | Czech |
| Subjects: | |
| Tags: |
No Tags, Be the first to tag this record!
|
MARC
| LEADER | 00000naa$a2200000$$$4500 | ||
|---|---|---|---|
| 001 | 0015448 | ||
| 005 | 20221207104920.6 | ||
| 041 | 0 | |a cze | |
| 044 | |a SK | ||
| 245 | 1 | 0 | |a Solventnost pojišťoven v České republice |c aut. Jarmila Šlechtová |
| 520 | |a Solventnosť poisťovní - vymedzenie podstaty pojmu. Regulácia v poisťovníctve. Vývoj regulácie v rámci EÚ. Metódy oceňovania solventnosti poisťovní. Základné ukazovatele pre účely oceňovania solventnosti. Vykazovanie solventnosti z praktického hľadiska. Vykazovanie solventnosti v životnom a v neživotnom poistení. | ||
| 610 | 2 | 0 | |a poisťovníctvo |
| 610 | 2 | 0 | |a poisťovne |
| 610 | 2 | 0 | |a solventnosť |
| 610 | 2 | 0 | |a oceňovanie |
| 610 | 2 | 0 | |a ukazovatele |
| 610 | 2 | 0 | |a trh poistný |
| 610 | 2 | 0 | |a primeranosť kapitálová |
| 610 | 2 | 0 | |a legislatíva |
| 610 | 2 | 0 | |a Česko |
| 100 | 1 | |a Šlechtová, Jarmila | |